Studies in Pali and Buddhism (Record no. 941353)

MARC details
000 -LEADER
fixed length control field 00789nam a2200253Ia 4500
003 - CONTROL NUMBER IDENTIFIER
control field OSt
005 - DATE AND TIME OF LATEST TRANSACTION
control field 20221005033327.0
008 - FIXED-LENGTH DATA ELEMENTS--GENERAL INFORMATION
fixed length control field 221004b |||||||| |||| 00| 0 eng d
020 ## - INTERNATIONAL STANDARD BOOK NUMBER
International Standard Book Number 8176465623
037 ## - SOURCE OF ACQUISITION
Terms of availability Textual
040 ## - CATALOGING SOURCE
Original cataloging agency CRL
Transcribing agency CRL
Language of cataloging eng
041 ## - LANGUAGE CODE
Source of code eng
Language code of text/sound track or separate title eng
100 ## - MAIN ENTRY--PERSONAL NAME
Personal name Narain A.K. Ed.
245 #0 - TITLE STATEMENT
Title Studies in Pali and Buddhism
Remainder of title A memorial volume in honor of Bhikkhu Jagdish Kashyap
260 ## - PUBLICATION, DISTRIBUTION, ETC.
Place of publication, distribution, etc. Delhi
Name of publisher, distributor, etc. B.R. Publishing Corporation India
Date of publication, distribution, etc. 2006
300 ## - PHYSICAL DESCRIPTION
Extent 422p.
Dimensions cm.
650 ## - SUBJECT ADDED ENTRY--TOPICAL TERM
Topical term or geographic name entry element RELIGION
942 ## - ADDED ENTRY ELEMENTS (KOHA)
Classification part Q4, P6
Koha item type Textual
Source of classification or shelving scheme
Holdings
Withdrawn status Lost status Damaged status Not for loan Home library Current library Date acquired Source of acquisition Cost, normal purchase price Total Checkouts Full call number Barcode Date last seen Date last checked out Cost, replacement price Price effective from Koha item type
        Central Library Central Library 2022-10-05 084, 29/03/2007, Prachi Book Distributors 750.00 1 Q4 P6 CL1398013 2024-12-10 2024-11-22 750.00 2022-10-05 Textual
Copyright @ Delhi University Library System